Keeper of the realms : (Record no. 3668)

MARC details
000 -LEADER
fixed length control field 00369nam a2200145 4500
001 - CONTROL NUMBER
control field 4434
005 - DATE AND TIME OF LATEST TRANSACTION
control field 20181127173402.0
020 00 - INTERNATIONAL STANDARD BOOK NUMBER
International Standard Book Number 9780141339771
090 00 - LOCALLY ASSIGNED LC-TYPE CALL NUMBER (OCLC); LOCAL CALL NUMBER (RLIN)
Classification number (OCLC) (R) ; Classification number, CALL (RLIN) (NR) FIC A374k
100 00 - MAIN ENTRY--PERSONAL NAME
Personal name Alexander, Marcus.
245 00 - TITLE STATEMENT
Title Keeper of the realms :
Remainder of title Crow's Revenge /
Statement of responsibility, etc. Marcus Alexander.
Medium
260 00 - PUBLICATION, DISTRIBUTION, ETC.
Place of publication, distribution, etc. London :
Name of publisher, distributor, etc. Puffin,
Date of publication, distribution, etc. 2012.
300 00 - PHYSICAL DESCRIPTION
Extent 426 p. ; 18 cm.
650 00 - SUBJECT ADDED ENTRY--TOPICAL TERM
Topical term or geographic name entry element Fiction.
General subdivision
Holdings
Withdrawn status Lost status Source of classification or shelving scheme Damaged status Not for loan Collection code Home library Current library Shelving location Date acquired Serial Enumeration / chronology Inventory number Total Checkouts Total Renewals Full call number Barcode Date last seen Date last checked out Price effective from Koha item type
    Dewey Decimal Classification     Fiction RTC Library RTC Library Fiction 13/04/2021 7956 4 2 FIC 813.54 ALE 30007274 14/10/2024 30/09/2024 27/11/2018 Fiction
Royal Thimphu College || All Right Reserved